<?xml version="1.0" encoding="UTF-8"?><?xml-stylesheet type="text/xsl" href="static/style.xsl"?><OAI-PMH xmlns="http://www.openarchives.org/OAI/2.0/" xmlns:xsi="http://www.w3.org/2001/XMLSchema-instance" xsi:schemaLocation="http://www.openarchives.org/OAI/2.0/ http://www.openarchives.org/OAI/2.0/OAI-PMH.xsd"><responseDate>2026-04-14T03:08:38Z</responseDate><request verb="GetRecord" identifier="oai:www.recercat.cat:10459.1/468628" metadataPrefix="marc">https://recercat.cat/oai/request</request><GetRecord><record><header><identifier>oai:recercat.cat:10459.1/468628</identifier><datestamp>2025-12-04T20:02:27Z</datestamp><setSpec>com_2072_3622</setSpec><setSpec>col_2072_479130</setSpec></header><metadata><record xmlns="http://www.loc.gov/MARC21/slim" xmlns:dcterms="http://purl.org/dc/terms/" xmlns:xsi="http://www.w3.org/2001/XMLSchema-instance" xmlns:doc="http://www.lyncode.com/xoai" xsi:schemaLocation="http://www.loc.gov/MARC21/slim http://www.loc.gov/standards/marcxml/schema/MARC21slim.xsd">
   <leader>00925njm 22002777a 4500</leader>
   <datafield ind2=" " ind1=" " tag="042">
      <subfield code="a">dc</subfield>
   </datafield>
   <datafield ind2=" " ind1=" " tag="720">
      <subfield code="a">Salla, Marta</subfield>
      <subfield code="e">author</subfield>
   </datafield>
   <datafield ind2=" " ind1=" " tag="720">
      <subfield code="a">Aguilera, Mari</subfield>
      <subfield code="e">author</subfield>
   </datafield>
   <datafield ind2=" " ind1=" " tag="720">
      <subfield code="a">Paz, Clara</subfield>
      <subfield code="e">author</subfield>
   </datafield>
   <datafield ind2=" " ind1=" " tag="720">
      <subfield code="a">Moya Higueras, Jorge</subfield>
      <subfield code="e">author</subfield>
   </datafield>
   <datafield ind2=" " ind1=" " tag="720">
      <subfield code="a">Feixas, Guillem</subfield>
      <subfield code="e">author</subfield>
   </datafield>
   <datafield ind2=" " ind1=" " tag="260">
      <subfield code="c">2025</subfield>
   </datafield>
   <datafield ind2=" " ind1=" " tag="520">
      <subfield code="a">Over recent decades, there has been more evidence of the connection between trauma and depression. More research is needed on the relationship between different types of trauma and their combination (cumulative trauma) with respect to the severity of depressive symptoms. The extent to which trauma and cognitive processes that manifest as polarised or ‘black and white’ thinking affect the severity of depression has yet to be explored.
Objective
The objective of this research was to examine the impact of cumulative trauma and polarised thinking on the severity of depressive symptoms.
Method
In total, 172 patients, mostly women, with a diagnosis of Major Depressive Disorder or Dysthymia (or both) were evaluated using the Cumulative Trauma Scale. The Repertory Grid Technique was used to measure polarised thinking, and the Beck Depression Inventory-II was used to assess the severity of depressive symptoms.
Results
The severity of depressive symptoms was strongly associated with a high level of polarised thinking and a high frequency of perceived negative trauma.
Conclusions
Our findings underscore the need to address polarised thinking and trauma (when present) as a target of interventions aimed at reducing depression symptoms.</subfield>
   </datafield>
   <datafield ind2=" " ind1=" " tag="520">
      <subfield code="a">Ministerio de Ciencia e Innovación, Grant/Award Number: PSI2011-23246; Agència de Gestió d'Ajuts Universitaris i de Recerca, Grant/Award Number: 2017 SGR642 and 2021SGR1432; Equipo de investigación en neuropsicología, metodología, diferencias individuales y procesos lingüísticos, Grant/Award Number: 2021SGR01432; Centro de Investigación Biomédica en Red sobre Salud Mental; Instituto de Salud Carlos III</subfield>
   </datafield>
   <datafield tag="653" ind2=" " ind1=" ">
      <subfield code="a">Cognitive biases</subfield>
   </datafield>
   <datafield tag="653" ind2=" " ind1=" ">
      <subfield code="a">Cognitive rigidity</subfield>
   </datafield>
   <datafield tag="653" ind2=" " ind1=" ">
      <subfield code="a">Cognitive theory</subfield>
   </datafield>
   <datafield ind2="0" ind1="0" tag="245">
      <subfield code="a">The effect of cumulative trauma and polarised thinking on severity of depressive disorder</subfield>
   </datafield>
</record></metadata></record></GetRecord></OAI-PMH>